Statistics for Wars Based on the Treaty which Ended it

Click here to take the quiz!

General Stats

  • This quiz has been taken 24 times
  • The average score is 5 of 10

Answer Stats

TreatyWar% Correct
Treaty of Versailles (1919)World War I
100%
Treaty of Versailles (1871)Franco-Prussian War
78%
Congress of ViennaNapoleonic Wars
70%
Treaty (or Peace) of WestphaliaThirty Years' War
65%
Treaty of Paris (1763)Seven Years' War
61%
Treaty of Paris (1783)American Revolutionary War
52%
Treaty (or Peace) of UtrechtWar of the Spanish Succession
43%
Treaty of Aix-la-ChapelleWar of the Austrian Succession
13%
Treaty of NystadGreat Northern War
9%
Treaty of RyswickWar of the Grand Alliance
0%

Score Distribution

Percentile by Number Answered

Percent of People with Each Score

Your Score History

You have not taken this quiz